Τεκμηρίωση, ψηφιοποίηση και ανάδειξη του κώδικα της Τενέδου : μεταπτυχιακή διατριβή
Αποθηκεύτηκε σε:
| Κύριος συγγραφέας: | |
|---|---|
| Συγγραφή απο Οργανισμό/Αρχή: | |
| Μορφή: | Thesis Βιβλίο |
| Γλώσσα: | Greek |
| Δημοσίευση: |
2015.
|
| Θέματα: | |
| Διαθέσιμο Online: | http://hdl.handle.net/11610/13292 |
| Ετικέτες: |
Προσθήκη ετικέτας
Δεν υπάρχουν, Καταχωρήστε ετικέτα πρώτοι!
|
MARC
| LEADER | 00000cam a2200000 a 4500 | ||
|---|---|---|---|
| 001 | 1/110346 | ||
| 008 | 160317s2015####gr a ||| |||| ||gre|| | ||
| 040 | |a GR-MyUa |b gre |c GR-MyUa |e AACR2 | ||
| 041 | 0 | |a gre | |
| 082 | 7 | |a 025.84 |2 (23) | |
| 100 | 1 | |a Δουμούζης, Ευστράτιος. | |
| 245 | 1 | 0 | |a Τεκμηρίωση, ψηφιοποίηση και ανάδειξη του κώδικα της Τενέδου : |b μεταπτυχιακή διατριβή / |c Ευστράτιος Δουμούζης ; επιβλέπων: Γεράσιμος Παυλογεωργάτος. |
| 260 | |c 2015. | ||
| 300 | |a 152 σ. : |b εικ. ; |c 30 εκ. | ||
| 500 | |a Τριμελής επιτροπή: ΠΑυλογεωργάτος Γεράσιμος, Σαμπανίκου Ευαγγελία, Τσεκούρας Γεώργιος. | ||
| 502 | |a Διατριβή (μεταπτυχιακή) - Πανεπιστήμιο Αιγαίου, Λέσβος, 2015. | ||
| 504 | |a Περιλαμβάνει βιβλιογραφία και παράρτημα. | ||
| 506 | 1 | |a Ηλεκτρονική διάθεση στο πλήρες κείμενο – περιορισμένης πρόσβασης ; |d Ελεύθερη διάθεση μόνο στα μέλη του Πανεπιστημίου Αιγαίου. | |
| 650 | 0 | |a Archival materials |x Digitization. | |
| 650 | 0 | |a Information storage and retrieval systems |x Archival materials. | |
| 650 | 0 | |a Church archives |z Turkey |z Bozca Island. | |
| 700 | 1 | |a Παυλογεωργάτος, Γεράσιμος Δ. |e dgs | |
| 710 | 2 | |a Πανεπιστήμιο Αιγαίου. |b Σχολή Κοινωνικών Επιστημών. |b Τμήμα Πολιτισμικής Τεχνολογίας και Επικοινωνίας. |b Πρόγραμμα Μεταπτυχιακών Σπουδών Πολιτισμική Πληροφορική και Επικοινωνία. | |
| 852 | |a INST |b LESVOS |c DIATR |e 20160317 |h 597 |p 005100057411 |q 005100057411 |t MTXE |y 23 | ||
| 856 | |u http://hdl.handle.net/11610/13292 | ||
| 924 | |a Δουμούζης |b Ευστράτιος |y Λέσβος |z 2015-12 | ||
| 970 | |a Τζαφέρη |b Ευαγγελία |z 17-03-2016 | ||